000
00285nam a2200109Ia 4500
008
221009s9999 xx 000 0 und d
082
_a
900/MAN
100
_a
Jain,Ajay Kumar
_9
74227
245
0
_a
Battleground Chhamb The Indo-Pakistan War of 1971
260
_b
Manohar Pub.
942
_c
BK
999
_c
64950
_d
64950